000 02530nam0a2200421 4500
001 RU\NLR\bibl\1128067
005 20260405154833.0
010 _a978-5-16-003103-3
_93000
021 _aRU
_b2007-51900
_92748
035 _a(nilc)RSL-KNO-003153215
035 _a(NLR Aleph) 001114998
090 _a1262052
_c1262052
100 _a20070813d2008 |||y0rusy50 ca
101 0 _arus
102 _aRU
105 _aa |||||||||
200 1 _aАнализ и диагностика финансово-хозяйственной деятельности предприятий
_eучебник
_eдля студентов высших учебных заведений, обучающихся по специальности 080502 Экономика и управление на предприятии (по отраслям)
_f[д.э.н., проф. В.И. Видяпин, к.э.н., проф. Р.П. Казакова, к.э.н. С.В. Казаков и др.]
_gпод ред. проф. Позднякова В.Я.
_gРос. экон. акад. им. Г.В. Плеханова
210 _aМосква
_cИНФРА-М
_d2008 [т.е. 2007]
215 _a615,[1] с.
_cил., табл.
_d22
300 _aАвт. указаны на 5-й с.
300 _aНа тит.л.: Рос. экон. акад. им. Г.В. Плеханова. 100 лет
300 _aКн. фактически изд. в 2007 г.
320 _aБиблиогр.: с. 611-612 (38 назв.)
606 1 _aПредприятия
_jУчебники для высших учебных заведений
_xАнализ хозяйственной деятельности
_yРоссийская Федерация
_92275837
_3RU\NLR\auth\661363829
610 0 _aЭкономика -- Экономический анализ -- Российская Федерация -- Предприятие -- Учебник для высшей школы
686 _aУ053.9(2)29я73-1
_2rubbk
686 _aУ053.9(2)я73
686 _aУ26(2)19я73
701 1 _aВидяпин
_bВ. И.
_gВиталий Иванович
_4070
701 1 _aКазакова
_bР. П.
_gРимма Павловна
_4070
701 1 _aКазаков
_bС. В.
_gСергей Викторович
_4070
702 1 _4340
_8rus
_7ca
_aПоздняков
_bВ. Я.
_gВладимир Яковлевич
_3RU\NLR\auth\7765729
_948658
801 0 _aRU
_bРКП
_c20070813
801 1 _aRU
_bРГБ
_c20070813
801 2 _aRU
_bNLR
_c20070913
_grcr
942 _cBOOK
980 _aNB